Loading...
| Literature - European | 1 | 3 | 0 | 0 | 45 | 73 | 102.50 | 0 | 3 | 0.00 | 0.00 |
| History - American | 0 | 3 | 0 | 2 | 30 | 113 | 117.67 | 0 | 2 | 0.00 | 0.00 |
| History - European | 0 | 2 | 0 | 0 | 20 | 67 | 74.00 | 0 | 2 | 0.00 | 0.00 |
| Fine Arts - Other | 0 | 2 | 0 | 1 | 20 | 108 | 123.00 | 0 | 2 | 0.00 | 0.00 |
| Fine Arts - Visual | 0 | 2 | 0 | 1 | 20 | 87 | 107.50 | 0 | 0 | 0.00 | 0.00 |
| Philosophy | 0 | 2 | 0 | 0 | 20 | 140 | 141.50 | 0 | 1 | 0.00 | 0.00 |
| Social Science | 0 | 2 | 0 | 0 | 20 | 67 | 95.50 | 0 | 2 | 0.00 | 0.00 |
| Geography | 0 | 1 | 0 | 0 | 10 | 93 | 93.00 | 0 | 1 | 0.00 | 0.00 |
| Religion | 0 | 1 | 0 | 0 | 10 | 71 | 71.00 | 0 | 1 | 0.00 | 0.00 |
| Literature - American | 0 | 1 | 0 | 1 | 10 | 137 | 137.00 | 0 | 1 | 0.00 | 0.00 |
| Literature - British | 0 | 1 | 0 | 1 | 10 | 96 | 96.00 | 0 | 0 | 0.00 | 0.00 |
| Religion- | 0 | 0 | 1 | 0 | -5 | 0.00 | 0 | 0 | 0.00 | 0.00 |